01224cam a2200313 i 450000100090000000300090000900500170001800800410003502000220007602000180009804000380011608200190015410000450017324501460021826400670036430000450043133600260047633700280050233800270053050400520055765000390060965100100064865300220065865500240068070000370070494200120074199900170075395201400077013428769EG-ScBUE20250617095731.0031208s2004 enka f b f001 0 eng d a0521626072 (pbk.) a9780521626071 aDLCbengerdacDLCdDLCdEG-ScBUE04a538.6222bGOE1 aGoedbloed, J. P.,d1940-eauthor.93952410aPrinciples of magnetohydrodynamics :bwith applications to laboratory and astrophysical plasmas /cby J. P. (Hans) Goedbloed, Stefaan Poedts. 1aCambridge ; aNew York : bCambridge University Press, c2004. axvi, 613 pages :billustrations ;c26 cm 2rdacontentatextbtxt aunmediated2rdamediabn avolumebnc2rdacarrier aIncludes bibliographical references and index.  7aMagnetohydrodynamics.2BUEsh97029 2BUEsh bENGELCcMarch2016 vReading book9342321 aPoedts, Stefaan,d1962-eauthor. 2ddccBB c21371d21343 00102ddc40708BaccahaMAINbMAINc1STd2016-03-13ePurchaseg580.00l1m3o538.6 GOEp000031994r2025-07-15 00:00:00s2016-03-20yBB